Přeskočit na obsah

Доброе слово Художественная литература

Книга стихов «Доброе слово» приглашает маленького читателя познакомиться с её героями их весёлыми делами их мечтами. Во втором издании книги представлены новые стихи о взаимоотношениях в семье природе патриотическом воспитании....

Celý popis

Uloženo v:
Podrobná bibliografie
Hlavní autor: Петухова Т.
Médium: Художественная литература
Vydání:2
On-line přístup:https://znanium.com/catalog/document?id=433048
https://znanium.com/cover/2093/2093422.jpg
Tagy: Přidat tag
Žádné tagy, Buďte první, kdo otaguje tento záznam!
LEADER 01690nam0a2200277 i 4500
001 RU\infra-m\znanium\bibl\2093422
003 https://znanium.com/catalog/document?id=433048
005 20231013000000.0
010 |a 978-5-9729-5066-9 
100 |a 20231013d2023 m y0rusy0150 ca 
101 0 |a rus 
102 |a RU 
200 1 |a Доброе слово  |e Художественная литература 
205 |a 2 
210 1 |a Вологда  |c Инфра-Инженерия  |d 2023 
215 |a 192 с. 
330 |a Книга стихов «Доброе слово» приглашает маленького читателя познакомиться с её героями их весёлыми делами их мечтами. Во втором издании книги представлены новые стихи о взаимоотношениях в семье природе патриотическом воспитании. 
333 |a Дополнительное образование детей 
606 |a Художественная литература. Досуг  |x Литература для дошкольников  |2 local 
608 |a Художественная литература  |2 local 
675 |a 821  |z rus 
686 |a 842  |2 rubbk 
700 1 |a Петухова  |b Т.  |g Татьяна 
801 0 |a RU  |b Общество с ограниченной ответственностью «ЗНАНИУМ»  |c 20230802  |2 rusmarc 
856 4 |a znanium.com  |m ebs_support@infra-m.ru  |n НИЦ ИНФРА-М  |u https://znanium.com/catalog/document?id=433048 
856 4 1 |a znanium.com  |d /cover/2093  |f 2093422.jpg  |q image/jpeg  |u https://znanium.com/cover/2093/2093422.jpg